00346nam a2200133Ia 4500008004100000100003200041245002900073250001200102260005000114300001000164650001600174942000700190999001500197190216s9999||||xx |||||||||||||| ||und|| aMukherjee A & Hanif M 0aModern Accountancy Vol 2 a2nd Ed. bTata Mcgraw Hill Publishing Company Ltdc2003 a2239p aAccountancy cBK c6320d6320